000
00321nam a22001457a 4500
003
SGT
020
_a
9789388183154
082
_a
954
_b
P13P
100
_a
PRASAD, OM PRAKASH
245
_a
PRACHIN ITHIHAS ME VIGYAN
260
_b
RAJKAMAL PRAKASHAN
_c
2018
300
_a
311
650
_a
INDIAN HISTORY
942
_2
ddc
_c
BK
999
_c
27909
_d
27909